|
|
|
|
| LEADER |
00000nam0a2200000 4500 |
| 001 |
119279 |
| 005 |
20231031124503.0 |
| 035 |
|
|
|a (RuTPU)RU\TPU\book\129082
|
| 035 |
|
|
|a RU\TPU\book\37254
|
| 090 |
|
|
|a 119279
|
| 100 |
|
|
|a 20070628d1973 m y0rusy50 ca
|
| 101 |
0 |
|
|a rus
|
| 102 |
|
|
|a RU
|
| 105 |
|
|
|a a j 001zy
|
| 200 |
1 |
|
|a Лекции по общей алгебре
|f А. Г. Курош
|
| 205 |
|
|
|a 2-е изд.
|
| 210 |
|
|
|a Москва
|c Наука
|d 1973
|
| 215 |
|
|
|a 399 с.
|c ил.
|
| 320 |
|
|
|a Список лит.: с. 373-392.
|
| 320 |
|
|
|a Предм. указ.: с. 393-399.
|
| 451 |
|
1 |
|0 (RuTPU)RU\TPU\book\100007
|y 5-8114-0617-7
|t Лекции по общей алгебре
|o учебник
|f А. Г. Курош
|c СПб.
|n Лань
|d 2005
|p 556 с.
|a Курош, Александр Геннадиевич
|
| 451 |
|
1 |
|0 (RuTPU)RU\TPU\book\37254
|t Лекции по общей алгебре
|f А. Г. Курош
|c М.
|d 1962
|n Физико-математическая лит-ра
|p 396 с.
|s Учебники для вузов. Специальная литература
|a Курош, Александр Геннадиевич
|
| 610 |
1 |
|
|a алгебра
|
| 610 |
1 |
|
|a отношения
|
| 610 |
1 |
|
|a группы
|
| 610 |
1 |
|
|a структуры
|
| 610 |
1 |
|
|a операторные группы
|
| 610 |
1 |
|
|a кольца
|
| 610 |
1 |
|
|a модули
|
| 610 |
1 |
|
|a учебные пособия
|
| 675 |
|
|
|a 512(075.8)
|v 3
|
| 700 |
|
1 |
|a Курош
|b А. Г.
|g Александр Геннадиевич
|
| 801 |
|
0 |
|a RU
|b 63413507
|c 20011210
|g PSBO
|
| 801 |
|
2 |
|a RU
|b 63413507
|c 20200813
|g PSBO
|
| 942 |
|
|
|c BK
|